| Tag |
First Indicator |
Second Indicator |
Subfields |
| LEADER |
00000cam a2200000 4500 |
| 001 |
in00000050742 |
| 005 |
20151007073845.0 |
| 008 |
750929s1957 njua 00000 eng d |
| 010 |
|
|
|a 58004051
|
| 035 |
|
|
|a (OCoLC)01660951
|
| 035 |
|
|
|9 AAF0509AM
|
| 040 |
|
|
|a DZM
|c DZM
|d TXA
|d UtOrBLW
|
| 049 |
|
|
|a TXAM
|c [327388]
|
| 050 |
0 |
0 |
|a TJ213
|b .P36 1957a
|
| 082 |
0 |
|
|a 621.8
|
| 092 |
|
|
|a 629.8
|b P361t, 1957
|
| 100 |
1 |
|
|a Pearson, Eric B.
|
| 245 |
1 |
0 |
|a Technology of instrumentation.
|
| 264 |
|
1 |
|a Princeton, N. J. :
|b Van Nostrand,
|c [1957]
|
| 264 |
|
4 |
|c [©1957]
|
| 300 |
|
|
|a 202 pages :
|b illustrations ;
|c 23 cm.
|
| 336 |
|
|
|a text
|b txt
|2 rdacontent
|
| 337 |
|
|
|a unmediated
|b n
|2 rdamedia
|
| 338 |
|
|
|a volume
|b nc
|2 rdacarrier
|
| 504 |
|
|
|a Bibliography.
|
| 650 |
|
0 |
|a Automatic control.
|
| 650 |
|
0 |
|a Engineering instruments.
|
| 650 |
|
0 |
|a Mathematical instruments.
|
| 999 |
|
|
|a MARS
|
| 999 |
f |
f |
|s d33e25ad-8d6b-32e5-a7f8-e59cb3d16cac
|i cc96b9ea-e704-3398-851e-17082c7d94fb
|t 0
|
| 952 |
f |
f |
|p ric
|a Texas A&M University
|b Rellis Campus
|c Joint Library Facility
|d Remote Storage
|t 0
|e TJ213 .P36 1957a
|h Library of Congress classification
|i unmediated -- volume
|m A14801051360
|
| 998 |
f |
f |
|a TJ213 .P36 1957a
|t 0
|l Remote Storage
|